000 00879nam a2200337Ia 4500
001 23271
005 20240114000716.0
007 ta
008 060325s2003 g b000 u 465 u
020 _a81-224-1484-2
040 _aCotton College,Assam
041 _a465
082 _a541.223
_bKa 127 St
100 _aKalsi, P.K. .
245 0 _aStereochemistry Conformation and Mechanism /
_cP.K.Kalsi.
_hTextual Documents
250 _a5th ed. /
260 _aNew Delhi :
_bNew Age International ( P ) Limited ,
_c2003.
300 _axviii,589p. ;
_c24cm.
504 _aIndex
653 _aChemistry
653 _aStereochemistry
653 _aMechanism
653 _aG-Chemistry
653 _aPG-Chemistry
653 _aDeptt-Chemistry
942 _2ddc
_cBK
999 _c23253
_d23253